[Event "Unive Open"]
[Site "Hoogeveen NED"]
[Date "2010.10.22"]
[Round "1"]
[White "Bezemer, Arno"]
[Black "L'Ami, Erwin"]
[Result "0-1"]
[WhiteTitle "FM"]
[BlackTitle "GM"]
[WhiteElo "2318"]
[BlackElo "2624"]
[WhiteFideId "1001396"]
[BlackFideId "1007998"]
[EventDate "2010.10.22"]

1. d4 Nf6 2. c4 e6 3. Nc3 Bb4 4. e3 O-O 5. Bd3 d5 6. Nf3 c5 7. O-O Nc6 8. a3
Bxc3 9. bxc3 dxc4 10. Bxc4 Qc7 11. Ba2 e5 12. h3 Bf5 13. Bb2 Rad8 14. Qe2 Rfe8
15. Rad1 e4 16. Nd2 Bg6 17. Qb5 Bh5 18. Qxc5 Bxd1 19. Rxd1 b6 20. Qg5 b5 21. Nf1
a6 22. Ng3 Ne7 23. Nh5 Nxh5 24. Qxh5 Nc8 25. a4 Nd6 26. axb5 axb5 27. Ba3 Nc4
28. Bb4 Nb2 29. Rb1 Nd3 30. Ba5 Qa7 31. Rxb5 Rb8 32. Rxb8 Rxb8 33. Bc4 Rb1+ 34.
Kh2 Qb8+ 35. g3 Qe8 36. Qf5 Rb2 37. Bxd3 exd3 38. Qxd3 Rxf2+ 39. Kg1 Ra2 40. Bb4
Qe6 41. g4 h5 0-1

[Event "Unive Open"]
[Site "Hoogeveen NED"]
[Date "2010.10.22"]
[Round "1"]
[White "Kempinski, Robert"]
[Black "Tondivar, Babak"]
[Result "1-0"]
[WhiteTitle "GM"]
[BlackTitle "FM"]
[WhiteElo "2615"]
[BlackElo "2302"]
[WhiteFideId "1105663"]
[BlackFideId "12501239"]
[EventDate "2010.10.22"]

1. d4 d5 2. c4 e6 3. Nf3 Nf6 4. e3 c5 5. Nc3 Nc6 6. a3 a6 7. h3 Ne4 8. Qc2 Nxc3
9. bxc3 Be7 10. Bd3 dxc4 11. Bxc4 O-O 12. O-O Qc7 13. Bd3 h6 14. c4 e5 15. d5
Na5 16. Rb1 Bd6 17. Bd2 b5 18. cxb5 axb5 19. Bxb5 f5 20. Bc3 Ba6 21. Bxa6 Rxa6
22. Nd2 c4 23. Bb4 Qf7 24. Nxc4 1-0

[Event "Unive Open"]
[Site "Hoogeveen NED"]
[Date "2010.10.22"]
[Round "1"]
[White "Ernst, Sipke"]
[Black "Afek, Yochanan"]
[Result "1-0"]
[WhiteTitle "GM"]
[BlackTitle "IM"]
[WhiteElo "2587"]
[BlackElo "2269"]
[WhiteFideId "1004689"]
[BlackFideId "2800462"]
[EventDate "2010.10.22"]

1. d4 d5 2. c4 dxc4 3. Nf3 c5 4. d5 e6 5. Nc3 exd5 6. Qxd5 Qxd5 7. Nxd5 Nc6 8.
e4 Nge7 9. Bxc4 Nxd5 10. Bxd5 Nb4 11. Bb3 Be6 12. Bxe6 fxe6 13. Ke2 Be7 14. Bd2
Nc6 15. Rac1 Rd8 16. a3 Rf8 17. Be3 Rc8 18. Rhd1 b5 19. b3 c4 20. a4 Ba3 21. Ra1
b4 22. bxc4 Na5 23. c5 Nc4 24. Nd4 Nxe3 25. Kxe3 Rxc5 26. f3 Ke7 27. Nb5 a6 28.
Nxa3 bxa3 29. Rxa3 Rb8 30. Rad3 Rb7 31. h4 Rc4 32. Rd4 Rb3+ 33. Kf4 Rxd4 34.
Rxd4 Rb2 35. g4 Rb3 36. h5 h6 37. Rc4 Kd6 38. Rc8 e5+ 39. Kg3 Ra3 40. Rg8 Rxa4
41. Rxg7 1-0

[Event "Unive Open"]
[Site "Hoogeveen NED"]
[Date "2010.10.22"]
[Round "1"]
[White "Dolgova, Olga"]
[Black "Nijboer, Friso"]
[Result "0-1"]
[WhiteTitle "WIM"]
[BlackTitle "GM"]
[WhiteElo "2262"]
[BlackElo "2582"]
[WhiteFideId "4158296"]
[BlackFideId "1000063"]
[EventDate "2010.10.22"]

1. d4 Nf6 2. c4 g6 3. Nc3 Bg7 4. e4 d6 5. Be2 O-O 6. Bg5 Na6 7. Qd2 c6 8. Nf3 e5
9. O-O exd4 10. Nxd4 Nc5 11. Bf3 Qb6 12. Rad1 Re8 13. Rfe1 Nfd7 14. Ndb5 Re6 15.
Nxd6 Rxd6 16. Qxd6 Qxb2 17. Ne2 Ne6 18. Bh4 Qxa2 19. Bg4 Qxc4 20. Bxe6 Qxe6 21.
Qc7 Qe8 22. f4 h6 23. Nd4 Nf8 24. f5 Be5 25. Qa5 b6 26. Qd2 g5 27. Bf2 c5 28.
Nf3 Bg7 29. Qd5 Bd7 30. Qd6 Ba4 31. Rd5 Nh7 32. e5 Bf8 33. Qc7 Bc6 34. Rdd1 Qc8
35. Qxc8 Rxc8 36. e6 fxe6 37. fxe6 Re8 38. Bg3 c4 39. Bd6 Bg7 40. e7 Ba4 41. Rc1
b5 42. Ne5 Nf6 43. Nc6 Nd7 44. Re6 c3 45. Bb4 c2 46. Rf1 Bb2 47. Rg6+ Kh7 48.
Rd6 Nf6 49. Rd8 c1=Q 50. Rxc1 Bxc1 51. Bc3 b4 52. Nxb4 Be3+ 53. Kh1 Bc5 54. Rxe8
Bxe8 55. Na6 Ne4 56. Be5 Bxe7 57. Bd4 Bb5 58. Nc7 a6 59. g3 Bd6 60. Ne6 Bc4 61.
Nd8 Bd5 0-1

[Event "Unive Open"]
[Site "Hoogeveen NED"]
[Date "2010.10.22"]
[Round "1"]
[White "Vocaturo, Daniele"]
[Black "Goudriaan, Etienne"]
[Result "1/2-1/2"]
[WhiteTitle "GM"]
[WhiteElo "2581"]
[BlackElo "2253"]
[WhiteFideId "813192"]
[BlackFideId "1021150"]
[EventDate "2010.10.22"]

1. e4 c5 2. Nf3 d6 3. d4 cxd4 4. Nxd4 Nf6 5. Nc3 a6 6. Bg5 e6 7. f4 Nbd7 8. Qe2
Qc7 9. O-O-O Be7 10. g4 b5 11. a3 Bb7 12. Bg2 Rc8 13. Bh4 Qc4 14. Qe1 h6 15. Kb1
b4 16. Bf1 Qc5 17. Nb3 Qc7 18. axb4 Nxe4 19. Bxe7 Nxc3+ 20. bxc3 Kxe7 21. Rg1
Qxc3 22. Qxc3 Rxc3 23. Na5 Be4 24. Bd3 Rb8 25. Kb2 Rc7 26. c3 Nc5 27. Bxe4 Nxe4
28. Rd3 d5 29. Re1 Nc5 30. Rf3 d4 31. Ka3 Nb7 32. cxd4 Nxa5 33. bxa5 Rb5 34. Re5
Rcb7 35. h3 f6 36. Rc5 Rb1 37. Ka2 R1b2+ 1/2-1/2

[Event "Unive Open"]
[Site "Hoogeveen NED"]
[Date "2010.10.22"]
[Round "1"]
[White "Pijpers, Arthur"]
[Black "Moskalenko, Viktor"]
[Result "0-1"]
[BlackTitle "GM"]
[WhiteElo "2248"]
[BlackElo "2580"]
[WhiteFideId "1019554"]
[BlackFideId "14100100"]
[EventDate "2010.10.22"]

1. e4 e6 2. d4 d5 3. Nc3 Bb4 4. e5 c5 5. a3 Bxc3+ 6. bxc3 Qa5 7. Bd2 Qa4 8. Qb1
c4 9. Qd1 Nc6 10. Qg4 g6 11. Ra2 Bd7 12. Ne2 O-O-O 13. g3 f6 14. f4 Rf8 15. Bg2
h5 16. Qh3 Nh6 17. O-O Nf5 18. Kh1 Qa5 19. Bc1 Qd8 20. Ra1 g5 21. fxg5 fxg5 22.
g4 hxg4 23. Qxg4 Rfg8 24. Ng3 Rh4 25. Qf3 g4 26. Qf2 Rxh2+ 27. Kg1 Nxg3 28. Qxg3
Rh3 29. Qf4 Rh5 30. Qg3 Ne7 31. Rf6 Nf5 32. Qf4 Qe7 33. Bd2 Qh7 34. Rf1 g3 35.
Rd1 Rh1+ 36. Bxh1 Qh2+ 37. Kf1 g2+ 38. Bxg2 Qxg2+ 0-1

[Event "Unive Open"]
[Site "Hoogeveen NED"]
[Date "2010.10.22"]
[Round "1"]
[White "Ikonnikov, Vyacheslav"]
[Black "Ducarmon, Quinten"]
[Result "1/2-1/2"]
[WhiteTitle "GM"]
[WhiteElo "2571"]
[BlackElo "2243"]
[WhiteFideId "4100972"]
[BlackFideId "1025007"]
[EventDate "2010.10.22"]

1. d4 Nf6 2. Nf3 e6 3. c4 c5 4. d5 b5 5. Bg5 exd5 6. cxd5 d6 7. e4 a6 8. Bd3 Be7
9. Bf4 Bg4 10. a4 Bxf3 11. Qxf3 c4 12. Bc2 Nbd7 13. O-O O-O 14. axb5 axb5 15.
Rxa8 Qxa8 16. Qa3 Qxa3 17. bxa3 Ra8 18. Nc3 Rxa3 19. Nxb5 Ra2 20. Bb1 Ra6 21.
Rc1 Nc5 22. Rxc4 Nfxe4 23. f3 Nf6 24. Be4 Nfxe4 25. fxe4 Nd3 26. Rc8+ Bf8 27. g3
Nxf4 28. gxf4 Rb6 29. Nc7 g6 30. e5 Kg7 31. e6 Rb7 32. Ne8+ Kh6 33. Nf6 Be7 34.
Ng8+ Kg7 35. Re8 Bh4 36. e7 f5 37. Kg2 Bf6 38. Kf3 Rb3+ 39. Ke2 Rb4 40. Kd3 Rd4+
41. Ke3 Re4+ 42. Kf3 h6 43. Nxf6 Kxf6 44. h4 h5 45. Ra8 Kxe7 46. Ra7+ Ke8 47.
Rg7 Rd4 48. Rxg6 Rxd5 49. Rg5 Ke7 50. Rxh5 Rd3+ 51. Kg2 Rd2+ 52. Kg3 Rd3+ 53.
Kg2 Rd2+ 54. Kf3 Rd3+ 55. Ke2 Rh3 56. Rxf5 Rxh4 57. Kf3 Ke6 58. Rg5 Rh1 59. Rg6+
Kf5 60. Rxd6 Rf1+ 61. Ke3 1/2-1/2

[Event "Unive Open"]
[Site "Hoogeveen NED"]
[Date "2010.10.22"]
[Round "1"]
[White "De Graaf, Dick"]
[Black "Sengupta, Deep"]
[Result "0-1"]
[BlackTitle "GM"]
[WhiteElo "2225"]
[BlackElo "2558"]
[WhiteFideId "1005677"]
[BlackFideId "5008352"]
[EventDate "2010.10.22"]

1. e4 e6 2. d4 d5 3. Nc3 Bb4 4. e5 Ne7 5. Bd2 O-O 6. Nce2 Bxd2+ 7. Qxd2 c5 8. c3
Nbc6 9. f4 Qb6 10. Nf3 Bd7 11. dxc5 Qxc5 12. Ned4 f6 13. Bd3 Qb6 14. O-O-O Nxd4
15. Nxd4 Rac8 16. Bc2 Qa6 17. exf6 Rxf6 18. Kb1 Nc6 19. Nxc6 bxc6 20. Rhe1 Rcf8
21. g3 Qb6 22. Re5 Rb8 23. Bd3 Be8 24. Rde1 Bf7 25. Ka1 c5 26. Rf1 Qd6 27. Qe2
Rb6 28. Re1 Rb8 29. Bb1 Qb6 30. Rf1 Kh8 31. g4 Rh6 32. Rf3 Rh4 33. h3 Rh6 34. f5
exf5 35. Rexf5 Bg8 36. Qc2 Qd6 37. Qg2 Re6 38. Qf2 Qe7 39. Qg3 Reb6 40. Rf2 d4
41. cxd4 cxd4 42. Qd3 Rd8 43. Rf7 Qc5 44. R7f5 Qd6 45. h4 Rc6 46. Ra5 Qe7 47.
Raf5 Rc1 48. Re2 Qd7 49. Rh5 h6 50. Ree5 Rf8 51. Rhf5 Rxf5 52. Rxf5 Qa4 53. b3
Qb4 54. Kb2 Rc3 55. Qb5 Qe7 56. g5 Rg3 57. gxh6 Rg2+ 58. Ka1 gxh6 59. Qd3 Rg4
60. h5 Qg7 61. Rc5 Rg3 62. Qd2 d3+ 63. Rc3 Bh7 64. Qb2 Bf5 65. Rc6 d2 66. Rxh6+
Kg8 67. Rd6 Rg1 68. Rd8+ Kh7 69. Qxg7+ Kxg7 0-1

[Event "Unive Open"]
[Site "Hoogeveen NED"]
[Date "2010.10.22"]
[Round "1"]
[White "Ulibin, Mikhail"]
[Black "Overeem, Marc"]
[Result "1-0"]
[WhiteTitle "GM"]
[BlackTitle "FM"]
[WhiteElo "2544"]
[BlackElo "2224"]
[WhiteFideId "4101405"]
[BlackFideId "1004972"]
[EventDate "2010.10.22"]

1. e4 c5 2. Nf3 e6 3. c3 d5 4. exd5 Qxd5 5. d4 Nf6 6. Be2 Nc6 7. O-O cxd4 8.
cxd4 Be7 9. Nc3 Qd6 10. Bg5 O-O 11. Qd2 Nd5 12. Rfd1 Bxg5 13. Nxg5 Qf4 14. Qxf4
Nxf4 15. Bf3 h6 16. Bxc6 bxc6 17. Nge4 Ba6 18. Nc5 Ne2+ 19. Nxe2 Bxe2 20. Rd2
Bc4 21. f4 Rfd8 22. Kf2 Rab8 23. Ke3 f6 24. h4 h5 25. g3 Kf7 26. Rc1 Bd5 27. Rc3
Re8 28. Ra3 Re7 29. Ra4 Kg6 30. Ne4 e5 31. fxe5 fxe5 32. Nc3 exd4+ 33. Kxd4 Bf3
34. Kc5 Re5+ 35. Kd6 Rd8+ 36. Kxe5 Rxd2 37. Rb4 Bh1 38. g4 hxg4 39. Rxg4+ Kh6
40. b3 Rc2 41. Kd4 Rd2+ 42. Ke3 Rd7 43. Rc4 Re7+ 44. Kf2 Rf7+ 45. Kg3 Re7 46. b4
g5 47. hxg5+ Kxg5 48. Rc5+ Kf6 49. Kf4 Rh7 50. Ke3 Ke6 51. Kd3 Kd6 52. Kc4 Rh4+
53. Kb3 Kc7 54. Rg5 Rh7 55. Ka4 Bf3 56. Rf5 Bg4 57. Rg5 Bf3 58. Rg3 Rf7 59. Ka5
Kb7 60. Na4 Be2 61. Nc5+ Kc7 62. Rg8 Bc4 63. a4 Rh7 64. Ra8 Kd6 65. Rd8+ Kc7 66.
Rd4 Bf1 67. Rf4 Be2 68. Ne6+ Kd6 69. Nc5 Kc7 70. Rf5 Bc4 71. Rf8 Rf7 72. Na6+
Kd7 73. Ra8 Kd6 74. Rd8+ Rd7 75. Rh8 Rg7 76. Rh6+ Kd7 77. Nb8+ Kc7 78. Nxc6 Kb7
79. b5 Bd5 80. Nb4 Bg2 81. Na6 1-0

[Event "Unive Open"]
[Site "Hoogeveen NED"]
[Date "2010.10.22"]
[Round "1"]
[White "Archangelsky, Mikhail"]
[Black "Haslinger, Stewart G"]
[Result "1/2-1/2"]
[WhiteTitle "IM"]
[BlackTitle "GM"]
[WhiteElo "2212"]
[BlackElo "2543"]
[WhiteFideId "4117573"]
[BlackFideId "405248"]
[EventDate "2010.10.22"]

1. Nf3 Nf6 2. c4 e6 3. g3 d5 4. Bg2 dxc4 5. Qa4+ Nbd7 6. Qxc4 a6 7. Qc2 Rb8 8.
O-O Be7 9. d4 b5 10. a3 Bb7 11. b4 O-O 12. Nbd2 a5 13. bxa5 c5 14. a6 Bxa6 15.
dxc5 Bxc5 16. Nb3 Bb6 17. Bd2 Rc8 18. Qb2 Ne4 19. Bb4 Re8 20. e3 Qf6 21. Nfd4 e5
22. Ne2 Ndc5 23. Nxc5 Nxc5 24. Rfd1 Red8 25. Rxd8+ Rxd8 26. Bxc5 Bxc5 27. Nc3 e4
28. Bxe4 Rc8 29. Rb1 Bxe3 30. Nd5 Qxb2 31. Rxb2 Bc1 32. Rb3 Kf8 33. Nb4 Re8 34.
Bc6 Re1+ 35. Kg2 Re6 36. Nxa6 Rxc6 37. Nb4 Rc8 38. Nd3 Bh6 39. Rxb5 Rc3 40. Ne5
f6 41. Ng4 Bc1 42. a4 Rc4 43. a5 Ra4 44. Ne3 Bxe3 45. fxe3 Ra2+ 46. Kf3 Rxh2 47.
Ke4 Ke7 48. Rb7+ Ke6 49. Rxg7 Ra2 50. Ra7 Ra4+ 51. Kf3 h5 52. a6 Kf5 53. Ra8 Kg6
54. e4 Ra3+ 55. Kf4 Kg7 56. Kf5 Rf3+ 57. Ke6 Rxg3 58. Ra7+ Kg6 59. Rf7 Ra3 60.
Rxf6+ Kg7 61. Ke7 h4 62. Rf4 Rxa6 63. Rg4+ Kh6 64. Rxh4+ Kg5 65. Rh1 Kf4 66. Re1
Ke5 67. Kd7 Ra4 68. Kc6 Rxe4 69. Rxe4+ Kxe4 1/2-1/2

[Event "Unive Open"]
[Site "Hoogeveen NED"]
[Date "2010.10.22"]
[Round "1"]
[White "Nyzhnyk, Illya"]
[Black "Timmermans, Ivo"]
[Result "1-0"]
[WhiteTitle "IM"]
[WhiteElo "2538"]
[BlackElo "2209"]
[WhiteFideId "14118084"]
[BlackFideId "1002910"]
[EventDate "2010.10.22"]

1. d4 d5 2. c4 c6 3. Nf3 Nf6 4. Qc2 dxc4 5. Qxc4 Bf5 6. Nc3 Nbd7 7. g3 e6 8. Bg2
Be7 9. O-O O-O 10. e3 h6 11. Qe2 Re8 12. e4 Bh7 13. a3 a5 14. Rd1 a4 15. Bf4 Qa5
16. Rac1 Bf8 17. Nd2 Rac8 18. Be3 Nb6 19. Kh1 Nfd7 20. f4 f5 21. e5 Nd5 22. Nc4
Qa6 23. Bd2 Bg6 24. Bf3 N7b6 25. Nxd5 Nxd5 26. Ne3 Qb6 27. Bc3 Red8 28. Nxd5
cxd5 29. Qc2 Qb5 30. Be2 Qe8 31. h3 Rc7 32. Qd2 Rdc8 33. Kh2 Qd7 34. g4 Qf7 35.
Rf1 Qd7 36. Bd3 Qf7 37. Bb5 Qe7 38. gxf5 Bxf5 39. Bxa4 Qh4 40. Qe3 Kh8 41. Bd2
Be7 42. Rxc7 Rxc7 43. Bd1 g5 44. Be1 gxf4 45. Qb3 1-0

[Event "Unive Open"]
[Site "Hoogeveen NED"]
[Date "2010.10.22"]
[Round "1"]
[White "Lommers, Frank"]
[Black "Pavlovic, Milos"]
[Result "1/2-1/2"]
[BlackTitle "GM"]
[WhiteElo "2191"]
[BlackElo "2531"]
[WhiteFideId "1010107"]
[BlackFideId "900389"]
[EventDate "2010.10.22"]

1. c4 g6 2. g3 Bg7 3. Bg2 Nf6 4. Nc3 O-O 5. d3 Nc6 6. e4 Nd4 7. Nge2 c5 8. O-O
d6 9. Nxd4 cxd4 10. Ne2 Nd7 11. b4 a5 12. b5 Nc5 13. Bb2 e5 14. Ba3 b6 15. Bxc5
dxc5 16. f4 Ra7 17. f5 Bh6 18. Bh3 Be3+ 19. Kh1 f6 20. Ng1 Qe8 21. Qe2 Rg7 22.
Rf3 g5 23. g4 h5 24. Rg3 Rh7 25. Rf1 Bf4 26. Rg2 Bd7 27. a4 Kg7 28. gxh5 Rxh5
29. Bg4 Rh4 30. Rf3 Rfh8 31. Rh3 Kf8 32. Qf3 Qf7 33. Ne2 Rxh3 34. Bxh3 Qh7 35.
Nxf4 gxf4 36. Bg4 Be8 37. Qe2 Qh4 38. Qf2 Qh6 39. Bf3 Qh3 40. Rg1 Bh5 41. Bxh5
Rxh5 42. Qe2 Kf7 43. Rg6 Rh7 44. Qg2 Qxg2+ 45. Kxg2 Rh4 46. h3 f3+ 47. Kg3 f2
48. Kxf2 Rxh3 49. Rg3 Rh1 50. Rg1 Rxg1 51. Kxg1 Kg7 52. Kg2 Kh6 53. Kh2 Kh5 54.
Kh3 Kg5 55. Kg3 1/2-1/2

[Event "Unive Open"]
[Site "Hoogeveen NED"]
[Date "2010.10.22"]
[Round "1"]
[White "Perez Candelario, Manuel"]
[Black "Hovenga, Alje"]
[Result "1-0"]
[WhiteTitle "IM"]
[WhiteElo "2526"]
[BlackElo "2176"]
[WhiteFideId "2210622"]
[BlackFideId "1005812"]
[EventDate "2010.10.22"]

1. e4 c6 2. d4 d5 3. e5 c5 4. dxc5 Nc6 5. Nf3 Bg4 6. Bb5 e6 7. b4 a5 8. c3 Qc7
9. Nbd2 Ne7 10. O-O Ng6 11. Re1 Be7 12. h3 Bxf3 13. Nxf3 O-O 14. Qe2 Rfd8 15.
Bxc6 bxc6 16. a3 d4 17. Bd2 dxc3 18. Bxc3 Nf4 19. Qc4 Nd5 20. Bd2 Rdb8 21. bxa5
Rb5 22. Bb4 Rab8 23. Nd4 R5b7 24. Nc2 h6 25. Kh1 Rb5 26. Rac1 Bg5 27. Rcd1 Be7
28. Rd3 Bf8 29. Rg3 R5b7 30. f4 g6 31. Rb3 Kh7 32. Reb1 Qe7 33. Nd4 Rc8 34. g3
Ra7 35. Nf3 Qd7 36. h4 Be7 37. Rd3 h5 38. Rbb3 Kg7 39. Nd2 Rb8 40. Qd4 Qb7 41.
Nc4 Qa6 42. Nb6 Rd8 43. Qc4 Qxc4 44. Nxc4 Rb8 45. Kg2 Bd8 46. Nb6 Bc7 47. Kf3
Bd8 48. Ke2 Be7 49. Kd2 Kf8 50. Kc2 Ke8 51. Rb1 Rd8 52. Rf1 Nc7 53. Rxd8+ Bxd8
54. Kb3 Be7 55. Rf3 Rb7 56. Rd3 Na6 57. Kc4 Rc7 58. Rb3 Rb7 59. Rb1 Rb8 60. Na4
Rb7 61. Rb3 Rb8 62. Rb1 Rb7 63. Nc3 Rb8 64. Ne4 Bd8 65. Rd1 Ke7 66. Rd6 Rc8 67.
Nf6 Rc7 68. Bd2 Rc8 69. Rd7+ Kf8 70. f5 Bxf6 71. exf6 gxf5 72. Bf4 Ke8 73. Ra7 1-0

[Event "Unive Open"]
[Site "Hoogeveen NED"]
[Date "2010.10.22"]
[Round "1"]
[White "Van Geffen, Ben"]
[Black "Dvirnyy, Daniyyl"]
[Result "1-0"]
[BlackTitle "IM"]
[WhiteElo "2171"]
[BlackElo "2481"]
[WhiteFideId "1009370"]
[BlackFideId "817570"]
[EventDate "2010.10.22"]

1. e4 c5 2. Nf3 d6 3. d4 cxd4 4. Nxd4 Nf6 5. Nc3 g6 6. Be3 Bg7 7. f3 O-O 8. Qd2
Nc6 9. Bc4 Bd7 10. h4 Na5 11. Bb3 h5 12. O-O-O b5 13. Ndxb5 Qb8 14. Nd4 Nxb3+
15. Nxb3 a5 16. Bh6 Bxh6 17. Qxh6 a4 18. Nd4 Qb4 19. a3 Qc4 20. g4 Rab8 21. gxh5
Rxb2 22. Rd3 Rfb8 23. hxg6 Qxc3 24. Rxc3 Rb1+ 25. Kd2 Rxh1 26. Rc7 Rh2+ 27. Kd3
Rg2 28. h5 1-0

[Event "Unive Open"]
[Site "Hoogeveen NED"]
[Date "2010.10.22"]
[Round "1"]
[White "Matsenko, Sergei"]
[Black "Van Apeldoorn, Janton"]
[Result "1-0"]
[WhiteTitle "IM"]
[BlackTitle "CM"]
[WhiteElo "2461"]
[BlackElo "2164"]
[WhiteFideId "4170083"]
[BlackFideId "1013831"]
[EventDate "2010.10.22"]

1. e4 c5 2. Nf3 Nc6 3. d4 cxd4 4. Nxd4 Nf6 5. Nc3 e5 6. Ndb5 d6 7. Bg5 a6 8. Na3
b5 9. Nd5 Be7 10. Bxf6 Bxf6 11. c4 Nd4 12. cxb5 O-O 13. bxa6 Qa5+ 14. Qd2 Qxd2+
15. Kxd2 Bg5+ 16. Kd1 Bxa6 17. Bxa6 Rxa6 18. Nc2 f5 19. Nxd4 exd4 20. exf5 Ra5
21. Nb4 d3 22. g4 Rc8 23. h4 Bf4 24. Nxd3 Rd5 25. Rh3 h5 26. gxh5 Bh6 27. a4 Rc4
28. a5 Rcd4 29. Ke2 Rxf5 30. b4 Re4+ 31. Kd1 Rg4 32. Kc2 g6 33. a6 Bg7 34. a7
Rc4+ 35. Kd1 1-0

[Event "Unive Open"]
[Site "Hoogeveen NED"]
[Date "2010.10.22"]
[Round "1"]
[White "Mellema, Andries"]
[Black "Caspi, Israel"]
[Result "1-0"]
[BlackTitle "IM"]
[WhiteElo "2153"]
[BlackElo "2457"]
[WhiteFideId "1011464"]
[BlackFideId "2807394"]
[EventDate "2010.10.22"]

1. e4 c5 2. Nf3 e6 3. Nc3 a6 4. d4 cxd4 5. Nxd4 Qc7 6. g3 b5 7. a3 Bb7 8. Bg2
Nf6 9. Qe2 Be7 10. O-O d6 11. Re1 O-O 12. Be3 Nbd7 13. Rad1 Rfe8 14. Nb3 Ne5 15.
h3 Rac8 16. Nd2 Qb8 17. f4 Nc4 18. Nxc4 Rxc4 19. Rd4 Rec8 20. Red1 Rxc3 21. bxc3
e5 22. fxe5 dxe5 23. Rd5 Nxd5 24. exd5 Qd6 25. Bc1 f5 26. Kh1 Bf6 27. a4 bxa4
28. c4 a3 29. Be3 Qb4 30. c5 a2 31. c6 Bxc6 32. dxc6 e4 33. Qxa6 Qf8 34. Qxa2+
Qf7 35. Qa6 Qe6 36. Bf1 Rxc6 37. Qa8+ Kf7 38. Bb5 Rxc2 39. Bd7 Qe5 40. Bf4 Qe7
41. Qd5+ 1-0

[Event "Unive Open"]
[Site "Hoogeveen NED"]
[Date "2010.10.22"]
[Round "1"]
[White "Rombaldoni, Axel"]
[Black "Poelstra, Ben"]
[Result "1-0"]
[WhiteTitle "IM"]
[WhiteElo "2453"]
[BlackElo "2148"]
[WhiteFideId "815837"]
[BlackFideId "1018604"]
[EventDate "2010.10.22"]

1. e4 e5 2. Nf3 Nf6 3. Nxe5 d6 4. Nc4 Nxe4 5. Nc3 Nxc3 6. dxc3 Be7 7. Bf4 Be6 8.
Qf3 Nc6 9. O-O-O Bg5 10. h4 Bxf4+ 11. Qxf4 Qf6 12. Qxf6 gxf6 13. Ne3 Ne7 14. c4
O-O-O 15. Nd5 Nxd5 16. cxd5 Bf5 17. Rd4 Rde8 18. Rf4 Re5 19. c4 Rg8 20. g3 Rg4
21. Bh3 h5 22. Bxg4 Bxg4 23. f3 Bf5 24. Kd2 1-0

[Event "Unive Open"]
[Site "Hoogeveen NED"]
[Date "2010.10.22"]
[Round "1"]
[White "Battaglini, Gabriel"]
[Black "Bijlsma, Nick"]
[Result "1-0"]
[WhiteTitle "IM"]
[WhiteElo "2429"]
[BlackElo "2138"]
[WhiteFideId "621650"]
[BlackFideId "1007041"]
[EventDate "2010.10.22"]

1. d4 Nf6 2. c4 g6 3. Nc3 d5 4. Bg5 Ne4 5. Bh4 Nxc3 6. bxc3 dxc4 7. e3 Be6 8.
Nf3 Bg7 9. Be2 O-O 10. O-O c5 11. Qc2 cxd4 12. Nxd4 Bxd4 13. cxd4 Qc7 14. Bg3
Qc8 15. Rfc1 Na6 16. Rab1 Rd8 17. h4 f6 18. Qe4 b6 19. Bf3 Qd7 20. Qb7 1-0

[Event "Unive Open"]
[Site "Hoogeveen NED"]
[Date "2010.10.22"]
[Round "1"]
[White "Van Der Veen, Jan"]
[Black "Naroditsky, Daniel"]
[Result "0-1"]
[BlackTitle "FM"]
[WhiteElo "2131"]
[BlackElo "2425"]
[WhiteFideId "1005570"]
[BlackFideId "2026961"]
[EventDate "2010.10.22"]

1. e4 c5 2. Nc3 d6 3. f4 g6 4. Nf3 Bg7 5. Bb5+ Bd7 6. Bxd7+ Qxd7 7. O-O Nc6 8.
d3 Nh6 9. Bd2 f5 10. Rb1 O-O 11. a3 Rac8 12. Ne2 b5 13. Qe1 a5 14. Bc3 e5 15.
Bd2 fxe4 16. dxe4 exf4 17. Nxf4 Rce8 18. Nd5 Qg4 19. e5 Nxe5 20. Nxe5 Qd4+ 21.
Ne3 Rxf1+ 22. Qxf1 Qxd2 0-1

[Event "Unive Open"]
[Site "Hoogeveen NED"]
[Date "2010.10.22"]
[Round "1"]
[White "Hendriks, Willy"]
[Black "Hoffman, Ron"]
[Result "1-0"]
[WhiteTitle "IM"]
[WhiteElo "2424"]
[BlackElo "2123"]
[WhiteFideId "1000713"]
[BlackFideId "1007599"]
[EventDate "2010.10.22"]

1. e4 c5 2. Nf3 Nc6 3. Bb5 g6 4. O-O Bg7 5. c3 Nf6 6. e5 Nd5 7. d4 cxd4 8. cxd4
O-O 9. Nc3 Nc7 10. Re1 Nxb5 11. Nxb5 a6 12. Nc3 d6 13. exd6 Qxd6 14. d5 Nb8 15.
Bg5 f6 16. Bh4 Bg4 17. Bg3 Qd8 18. Qb3 Re8 19. d6+ Kh8 20. dxe7 Rxe7 21. Rxe7
Qxe7 22. Nd5 Qd8 23. Nb6 Ra7 24. Bxb8 Qxb8 25. Re1 Bxf3 26. gxf3 Bf8 27. Qf7 1-0

[Event "Unive Open"]
[Site "Hoogeveen NED"]
[Date "2010.10.22"]
[Round "1"]
[White "Hendriks, Richard"]
[Black "Ris, Robert"]
[Result "1-0"]
[BlackTitle "IM"]
[WhiteElo "2110"]
[BlackElo "2416"]
[WhiteFideId "1006096"]
[BlackFideId "1011480"]
[EventDate "2010.10.22"]

1. e4 e5 2. Nf3 Nc6 3. Nc3 Nf6 4. Bb5 Nd4 5. Nxd4 exd4 6. e5 dxc3 7. exf6 Qxf6
8. dxc3 c6 9. Bd3 d5 10. Qe2+ Kd8 11. Be3 Be6 12. Qd2 Kc7 13. O-O-O Be7 14. h4
Bd7 15. Rde1 Bd6 16. Bg5 Qe6 17. Rxe6 fxe6 18. Bf4 e5 19. Bg3 Rae8 20. Re1 Re7
21. c4 1-0

[Event "Unive Open"]
[Site "Hoogeveen NED"]
[Date "2010.10.22"]
[Round "1"]
[White "Slingerland, Fred"]
[Black "Hendriks, Peter"]
[Result "1-0"]
[WhiteTitle "IM"]
[WhiteElo "2411"]
[BlackElo "2082"]
[WhiteFideId "1002473"]
[BlackFideId "1009516"]
[EventDate "2010.10.22"]

1. e4 d5 2. exd5 Qxd5 3. Nf3 Nf6 4. d4 Bf5 5. Be2 c6 6. O-O e6 7. c4 Qa5 8. Nc3
Bb4 9. Nh4 Bg6 10. Bd2 Qd8 11. Qb3 Bxc3 12. Bxc3 Qc7 13. d5 cxd5 14. Bxf6 gxf6
15. cxd5 e5 16. Rac1 1-0

[Event "Unive Open"]
[Site "Hoogeveen NED"]
[Date "2010.10.22"]
[Round "1"]
[White "Slingerland, Caroline"]
[Black "Saravanan, V."]
[Result "1-0"]
[WhiteTitle "WFM"]
[BlackTitle "IM"]
[WhiteElo "2081"]
[BlackElo "2408"]
[WhiteFideId "1002732"]
[BlackFideId "5000580"]
[EventDate "2010.10.22"]

1. e4 c5 2. Nf3 d6 3. d4 cxd4 4. Nxd4 Nf6 5. Nc3 a6 6. f4 e5 7. Nf3 Nbd7 8. Bd3
b5 9. a3 Be7 10. O-O O-O 11. Kh1 Re8 12. fxe5 dxe5 13. Bg5 Bb7 14. Qe1 h6 15.
Bh4 Rc8 16. Rd1 Nh5 17. Ne2 Nf4 18. Bg3 g5 19. Bxf4 gxf4 20. Nc1 Qb6 21. Nb3 Bf8
22. Nh4 Nf6 23. Qe2 Rcd8 24. Rde1 Bc8 25. g3 Bg4 26. Qg2 Qe6 27. gxf4 exf4 28.
h3 Rxd3 29. cxd3 Qxb3 30. Rxf4 Bg7 31. hxg4 Qxd3 32. Nf5 Re6 33. Rf3 Qd8 34. g5
Nxe4 35. Nxg7 Rg6 36. Rxe4 Rxg7 37. Rg4 h5 38. Rgg3 h4 39. Rg4 1-0